Freshwater fish culture. (Record no. 90333)

MARC details
000 -LEADER
fixed length control field 00382nam a2200157Ia 4500
008 - FIXED-LENGTH DATA ELEMENTS--GENERAL INFORMATION
fixed length control field 210210b1985 xxu||||| |||| 00| 0 eng d
082 ## - DEWEY DECIMAL CLASSIFICATION NUMBER
Classification number 639.31 SINF
100 ## - MAIN ENTRY--PERSONAL NAME
Personal name SINHA (V R P)
245 ## - TITLE STATEMENT
Title Freshwater fish culture.
260 ## - PUBLICATION, DISTRIBUTION, ETC.
Place of publication, distribution, etc. ND
Name of publisher, distributor, etc. I C A R
Date of publication, distribution, etc. 1985
300 ## - PHYSICAL DESCRIPTION
Extent iv,80
650 ## - SUBJECT ADDED ENTRY--TOPICAL TERM
Topical term or geographic name entry element Fish water fish culture
690 ## - LOCAL SUBJECT ADDED ENTRY--TOPICAL TERM (OCLC, RLIN)
Topical term or geographic name as entry element Fishes
700 ## - ADDED ENTRY--PERSONAL NAME
Personal name RAMACHANDRAN (V).
906 ## - LOCAL DATA ELEMENT F, LDF (RLIN)
a 040300
Holdings
Withdrawn status Lost status Damaged status Not for loan Collection code Home library Current library Shelving location Date acquired Cost, normal purchase price Total Checkouts Full call number Barcode Date last seen Price effective from Koha item type
          St Aloysius Library St Aloysius Library   02/17/2021 6.00   639.31 SINF 040300 02/17/2021 02/17/2021 Book